| 000 | 00666cam a2200253 a 4500 | ||
|---|---|---|---|
| 999 |
_c7321 _d7321 |
||
| 001 | 7321 | ||
| 003 | BD-JhCC | ||
| 005 | 20180325124139.0 | ||
| 008 | 070418s2007 xra 000 eng d | ||
| 020 | _a9780977579228 | ||
| 035 | _a(BD-JhCC)7321 | ||
| 040 |
_aSSL _cSSL _dANL |
||
| 041 | _aeng | ||
| 082 | 0 | 4 |
_a650.12 _222 _bCON 2003 |
| 100 | 1 |
_aConwell, Russell Herman, _d1843-1925. |
|
| 245 | 1 | 0 |
_aAcres of diamonds / _cby Russell H. Conwell |
| 260 |
_a[Para Hills, S. Aust.] : _bInkstone Press, _cc2007. |
||
| 300 |
_a161 p. ; _c21 cm. |
||
| 490 | 1 | _aInkstone classics series | |
| 650 | 0 | _aSuccess. | |
| 650 | 0 | _aWealth. | |
| 942 |
_2ddc _cBK |
||